| 000 | 00510nam a2200169Ia 4500 | ||
|---|---|---|---|
| 008 | 090201s9999 xx 000 0 und d | ||
| 010 | _aKPL-9789 | ||
| 040 | _bमराठी | ||
| 041 | _aमराठी | ||
| 082 |
_a43878 _b9789 |
||
| 100 | _aअण्णाभाऊ साठे | ||
| 245 |
_aवैर _cअण्णाभाऊ साठे |
||
| 260 |
_c2005 _bनवमहाराष्ट्र प्रकाशन |
||
| 300 |
_a112 _bमोठा |
||
| 600 | _aवैर | ||
| 942 | _cBOOK | ||
| 999 |
_c240916 _d240916 |
||